Euraton La Commission (Record no. 45960)

MARC details
000 -LEADER
campo de control de longitud fija 00631nam a2200157 i 4500
001 - NÚMERO DE CONTROL
campo de control 45960
003 - IDENTIFICADOR DE NÚMERO DE CONTROL
campo de control ES-MaACL
005 - FECHA Y HORA DE LA ÚLTIMA TRANSACCIÓN
campo de control 20230906161315.0
007 - CAMPO FIJO DE DESCRIPCIÓN FÍSICA--INFORMACIÓN GENERAL
campo de control de longitud fija t|
008 - DATOS DE LONGITUD FIJA--INFORMACIÓN GENERAL
campo de control de longitud fija 030327s1958 be ||||1| fre d
110 2# - ENTRADA PRINCIPAL--NOMBRE DE ENTIDAD CORPORATIVA
Nombre de entidad corporativa o nombre de jurisdicción como elemento de entrada Communauté Européenne de l'Energie Atomique.
9 (RLIN) 3109
245 10 - MENCIÓN DEL TÍTULO
Título Euraton La Commission
Resto del título : premier rapport general sur l'activité de la Communauté (janvier 1958- septembre 1958) /
Mención de responsabilidad, etc. Communauté Europeenne de l'Energie Atomique.
260 ## - PUBLICACIÓN, DISTRIBUCIÓN, ETC.
Lugar de publicación, distribución, etc. [S.l. :
Nombre del editor, distribuidor, etc. s.n.,
Fecha de publicación, distribución, etc. 1958] (
Lugar de fabricación/manufactura Bruxelles :
Fabricante Service des Publications des Communautes Europeennes)
300 ## - DESCRIPCIÓN FÍSICA
Extensión 84 p. ;
Dimensiones 23 cm.
852 ## - LOCALIZACIÓN
Ubicación ES-MaACL
Número de control de estantería 2014-F-16
Sublocalización o colección R.43723
Holdings
Estatus retirado Estado de pérdida Estado de daño No para préstamo Colección Biblioteca de origen Biblioteca actual Ubicación en estantería Fecha de adquisición Fuente de adquisición Total de préstamos Signatura topográfica completa Código de barras Visto por última vez Precio de reemplazo Tipo de ítem Koha
        Colección de folletos Biblioteca del Ateneo de Madrid Biblioteca del Ateneo de Madrid Depósito folletos 17/01/2008     2014-F-16 1048354 23/02/2023 23/02/2023 Folleto